000 00659nam a2200193Ia 4500
003 LDD
008 190117s9999 xx 000 0 und d
020 _c₹295
040 _cLDD
041 _ahi
082 _a8H3.7 शु 1166 रा
100 _aशुक्ल, श्रीलाल
245 0 _aराग दरबारी
_cश्रीलाल शुक्ल
260 _aनई दिल्ली
_bराजकमल प्रकाशन
_c2002
300 _a330पृ.
901 _aHBC
904 _aReqst by : स्मिता चतुर्वेदी
942 _2ddc
_cH
999 _c171982
_d171982